Statistics for African Capitals Below the Equator in order by latitude

Click here to take the quiz!

General Stats

  • This quiz has been taken 14 times
  • The average score is 18 of 19

Answer Stats

Latitude Initial letter of COUNTRY that the capital is from Answer % Correct
-1.28 KNairobi
100%
-17.85 ZHarare
100%
-4.32 DKinshasa
100%
-8.83 ALuanda
100%
-1.93RKigali
100%
-26.32 SMbabane
93%
-25.97 MMaputo
93%
-25.73 SPretoria
93%
-24.65 BGaborone
93%
-22.57 NWindhoek
93%
-15.42 ZLusaka
93%
-11.68 CMoroni
93%
-6.17TDodoma 
93%
-3.38BBujumbura
93%
-18.93MAntananarivo
86%
-13.98 MLilongwe
86%
-4.27RBrazzaville
86%
-29.3LMaseru
86%
-20.15 MPort Louis
79%

Score Distribution

Percentile by Number Answered

Percent of People with Each Score

Your Score History

You have not taken this quiz